000 00782nam0a22002531 4500
001 rc\63781
005 20260406122211.0
010 _a5-7841-0506-X
_920000
035 _a(NLR Aleph) 005338577
090 _a6668716
_c6668716
100 _a20021216d1997 |||y0rusy50 ca
101 0 _arus
102 _aRU
105 _ay |||||||||
200 1 _aНе присылай цветов
_eРоман
_fСандра Браун
_g[Пер. с англ. О.Л. Семченко]
210 _aМ.
_aНазрань
_cАСТ
_d1997
215 _a414 с.
_d17
225 1 _aСтрасть
700 1 _4070
_7ca
_8rus
_aБраун
_bС.
_f1948-
_gСандра
_9110738
_3RU\NLR\AUTH\77697
801 0 _aRU
_bNLR
_gpsbo
801 1 _aRU
_bELAR
_2rusmarc
852 _aNLR
_j97-2/894
942 _cBOOK
980 _aNB